000 00867nam a22001937a 4500
999 _c58597
_d58597
003 Ge_BSU
005 20220610124240.0
008 220610s2018 ge ||||| |||| 00| 0 geo d
020 _a9789941460500
041 _ageo
080 _a821.353.1-1 ვ-18
100 _aვანაძე, ნოდარ
_914043
245 _aნამღერი საარწივოდან :
_b[ლექსები] /
_cნოდარ (სპარტაკ) ვანაძე ; რედაქტორი ცისანა ანთაძე.
264 _aბათუმი :
_bგამომცემლობა აჭარა,
_c2018.
300 _a96 გვ. :
_b პორტრ. ;
_c 20 სმ.
653 _aქართული პოეზია.
700 _aანთაძე, ცისანა
_eრედაქტორი
_94062
942 _2udc
_cBK